000 00854nam a22001937a 4500
003 OSt
005 20161115105501.0
008 150408b xxu||||| |||| 00| 0 eng d
040 _cBMC
082 _a 658.8068
100 1 _940394
_aVanegas López, Juan José
245 1 0 _aPasantía de guía turístico y auxiliar administrativo en el Teatro Nacional de Santa Ana
_b: Informe final
_cJuan José Vanegas López
260 _aSanta Ana (El Salvador)
_bUniversidad Católica de El Salvador
_c2014
300 _a1 v. (pág. var.)
_bil. col
_c28 cm
_e+ 1 disco compacto
500 _aPrecede al tít.: Universidad Católica de El Salvador, Facultad de Ciencias Empresariales
502 _aTrabajo de graduación para optar al grado académico de Licenciatura en Mercadeo y Negocios Internacionales
650 2 4 _98652
_aGestión de marketing
942 _2ddc
_cTG
999 _c26514
_d26514